| LEADER |
01436nam0a2200229 450 |
| 001 |
16840063 |
| 010 |
|
|
|a 978-2-38196-049-4
|b br
|d 8,4
|
| 100 |
|
|
|a 20220615d2022 u u0frey01 ba
|
| 101 |
1 |
|
|a fre
|c
|
| 102 |
|
|
|a FR
|
| 200 |
0 |
|
|a Fortune (La)
|e roman
|f Michael McDowell
|g traduit de l'anglais (Etats-Unis) par Yoko Lacour avec la participation de Hélène Charrier
|
| 207 |
|
1 |
|a
|
| 210 |
|
|
|a Toulouse
|c Monsieur Toussaint Louverture
|d 2022
|
| 215 |
|
|
|a 1 vol. (255 p.)
|c carte, couv. ill. en coul.
|d 17 cm
|
| 330 |
|
|
|a Tel un organisme vivant, le clan Caskey se développe et se transforme. Certains font face à la mort, d'autres accueillent la vie. Entre rapprochements inattendus, haines sourdes et séparations inévitables, les relations évoluent. Miriam, désormais à la tête de la scierie et noyau dur de la famille, ne cesse de faire croître la richesse. Suite à une découverte surprenante et miraculeuse [xe2][x80][x93] sauf pour une personne [xe2][x80][x93], c'est bientôt la ville entière qui va prospérer. Mais cette soudaine fortune suffira-t-elle, alors que la nature commence à réclamer son dû ?
|
| 461 |
|
0 |
|t Blackwater
|v 5
|
| 700 |
|
0 |
|a McDowell
|b Michael
|f 1950-1999
|4 70
|
| 701 |
|
0 |
|a Lacour
|b Yoko
|4 730
|
| 701 |
|
0 |
|a Charrier
|b Hélène
|f 1951-....
|4 730
|
| 900 |
|
|
|a Roman Jeunesse
|
| 901 |
|
|
|a Accessible au prêt
|
| 995 |
|
|
|a Bibliothèque
|c Bibliothèque
|f 024022801
|h 024022801
|k J McD
|o p
|q j
|r az
|e Bibliothèque
|